[Event "Sparkassen-Open A"]
[Site "Heusenstamm, Martinsee"]
[Date "2023.11.24"]
[Round "3.44"]
[White "Gajcin, Jasmina"]
[Black "Ö?zdemir, Ali Ö?zden"]
[Result "1/2-1/2"]
[WhiteElo "1857"]
[BlackElo "2045"]
[PlyCount "118"]
[EventDate "2023.??.??"]
[WhiteTeam "Dublin Chess Club"]
[BlackTeam "SK Langen"]

1. e4 c5 2. Nf3 d6 3. Bb5+ Nd7 4. d4 cxd4 5. Qxd4 a6 6. Bxd7+ Bxd7 7. O-O Rc8 8. c4 Qc7 9. b3 e5 10. Qd1 h6 11. Nc3 Nf6 12. a4 Be7 13. Be3 O-O 14. h3 Bc6 15. Nd2 Nh7 16. Qb1 Bg5 17. Bxg5 Nxg5 18. a5 g6 19. b4 f5 20. b5 Be8 21. Nd5 Qf7 22. bxa6 bxa6 23. Nb6 Rc6 24. Qd3 Ne6 25. Nb3 Nf4 26. Qf3 g5 27. exf5 Qxf5 28. Nd5 Qe6 29. Qe4 g4 30. hxg4 Qxg4 31. Nxf4 Qxf4 32. Qd5+ Kh8 33. Rac1 Rf5 34. Rc3 Rh5 35. g3 Qg4 36. Qf3 Rg5 37. Nd2 Kg7 38. Qxg4 Rxg4 39. Rb1 Rd4 40. Rb7+ Kf6 41. Rb2 d5 42. Rf3+ Ke6 43. cxd5+ Kxd5 44. Nb3 Rd1+ 45. Kg2 Rc4 46. Rf8 Bc6 47. f3 Ke6 48. Rh8 Rc3 49. Rxh6+ Kf7 50. Nd2 Bb5 51. Ne4 Rcc1 52. Kh3 Ra1 53. Rh5 Rxa5 54. Kg4 Rf1 55. Nd6+ Ke6 56. Nxb5 axb5 57. f4 exf4 58. gxf4 Ra4 59. Rhxb5 Rfxf4+ 1/2-1/2

[Event "Sparkassen-Open A"]
[Site "Heusenstamm, Martinsee"]
[Date "2023.11.24"]
[Round "3.45"]
[White "Mohr, Thomas"]
[Black "Lenhard, Martin"]
[Result "1/2-1/2"]
[WhiteElo "1857"]
[BlackElo "2060"]
[PlyCount "82"]
[EventDate "2023.??.??"]
[WhiteTeam "SC FK Babenhausen 1994"]
[BlackTeam "SV 1920 Hofheim"]

1. f4 d5 2. Nf3 c5 3. e3 Nc6 4. b3 Nf6 5. Bb2 e6 6. Be2 Be7 7. O-O O-O 8. Ne5 Nd7 9. Nxc6 bxc6 10. c4 Nb6 11. d3 Bf6 12. Qc2 Bxb2 13. Qxb2 Qe7 14. Nd2 Re8 15. e4 e5 16. Qxe5 Qxe5 17. fxe5 Rxe5 18. Bf3 d4 19. Rae1 Nd7 20. Bg4 Nf8 21. Bxc8 Rxc8 22. Rf5 Rce8 23. Nf3 Rxf5 24. exf5 Rxe1+ 25. Nxe1 Nd7 26. Nf3 Kf8 27. Kf2 Ke7 28. g4 f6 29. h4 Kd6 30. Kg3 h6 31. Kf4 a5 32. a4 Nb8 33. Ne1 Na6 34. Nc2 Nb8 35. Ne1 Ke7 36. h5 Kd6 37. Ke4 Nd7 38. Nf3 Nb8 39. Ne1 Na6 40. Nc2 Nb8 41. Ne1 Nd7 1/2-1/2

[Event "Sparkassen-Open A"]
[Site "Heusenstamm, Martinsee"]
[Date "2023.11.24"]
[Round "3.46"]
[White "Vranckx, Oscar"]
[Black "Burkhardt, Holger"]
[Result "0-1"]
[WhiteElo "1643"]
[BlackElo "2034"]
[PlyCount "26"]
[EventDate "2023.??.??"]
[WhiteTeam "Sfr.Mainz 1928"]
[BlackTeam "SK 1858 Gieß?en"]

1. e4 e5 2. Nf3 Nc6 3. Bc4 Nf6 4. d3 h6 5. O-O d6 6. c3 g5 7. Bxg5 hxg5 8. Nxg5 d5 9. exd5 Nxd5 10. Nd2 Qxg5 11. Bxd5 Qh6 12. h3 Bxh3 13. gxh3 Qxh3 0-1

[Event "Sparkassen-Open A"]
[Site "Heusenstamm, Martinsee"]
[Date "2023.11.24"]
[Round "3.47"]
[White "Marcziter, Alex"]
[Black "McAdam, Mark"]
[Result "1/2-1/2"]
[WhiteElo "1791"]
[BlackElo "2037"]
[PlyCount "56"]
[EventDate "2023.??.??"]
[WhiteTeam "SG Porz e. V."]
[BlackTeam "SC Brett vorm Kopp Ffm"]

1. e4 c6 2. d4 d5 3. Nd2 dxe4 4. Nxe4 Bf5 5. Ng3 Bg6 6. h4 h6 7. Nf3 Nd7 8. h5 Bh7 9. Bd3 Bxd3 10. Qxd3 e6 11. Bd2 Ngf6 12. O-O-O Be7 13. Ne4 Nxe4 14. Qxe4 Nf6 15. Qe2 Qd5 16. c4 Qe4 17. Qxe4 Nxe4 18. Be3 O-O 19. Nd2 Nd6 20. g4 Rad8 21. f3 Rd7 22. b3 b5 23. Ne4 bxc4 24. Nxd6 Bxd6 25. bxc4 Rb8 26. Kc2 Rdb7 27. Rb1 Rb4 28. c5 Bc7 1/2-1/2

[Event "Sparkassen-Open A"]
[Site "Heusenstamm, Martinsee"]
[Date "2023.11.24"]
[Round "3.48"]
[White "Rosenberger, Frank"]
[Black "Vangsgaard, Claus"]
[Result "1/2-1/2"]
[WhiteElo "2050"]
[BlackElo "1853"]
[PlyCount "75"]
[EventDate "2023.??.??"]
[WhiteTeam "SK 1980 Gernsheim"]
[BlackTeam "Vejlby-Risskov SK"]

1. e4 c6 2. d4 d5 3. exd5 cxd5 4. Bd3 Nc6 5. c3 Nf6 6. Bf4 Bg4 7. Nf3 e6 8. Qb3 Qc8 9. Ne5 Nxe5 10. Bxe5 Nd7 11. Bg3 Be7 12. O-O O-O 13. Nd2 Nb6 14. a4 Bd8 15. a5 Nd7 16. Qc2 g6 17. h3 Bf5 18. Bxf5 exf5 19. Qb3 Nf6 20. Be5 Qc6 21. f3 Rc8 22. Rfe1 Nd7 23. Nf1 Bg5 24. Bg3 f4 25. Bf2 Rfe8 26. Rxe8+ Rxe8 27. Re1 Rxe1 28. Bxe1 Bd8 29. Bd2 Bc7 30. Qd1 Qf6 31. b4 b5 32. Qe2 Qc6 33. Qe8+ Kg7 34. Qc8 Nb8 35. Kf2 Bd6 36. Qd8 Qc7 37. Qe8 Qd7 38. Qxd7 1/2-1/2

[Event "Sparkassen-Open A"]
[Site "Heusenstamm, Martinsee"]
[Date "2023.11.24"]
[Round "3.49"]
[White "Wilke, Jörg"]
[Black "Kutzner, Stephen"]
[Result "0-1"]
[WhiteElo "1853"]
[BlackElo "2039"]
[PlyCount "62"]
[EventDate "2023.??.??"]
[WhiteTeam "SC Matt im Park Ffm"]
[BlackTeam "Godesberger SK 1929 e. V"]

1. d4 Nf6 2. c4 e6 3. Nc3 Bb4 4. Qc2 O-O 5. Bd2 d5 6. e3 c5 7. a3 cxd4 8. exd4 Be7 9. c5 Nc6 10. Nf3 e5 11. Nxe5 Nxd4 12. Qa4 Bxc5 13. O-O-O Bf5 14. Bd3 a6 15. Bxf5 b5 16. Nc6 Qb6 17. Nxd4 bxa4 18. Nxa4 Qc7 19. Nxc5 Qxc5+ 20. Bc3 Rfe8 21. Rhe1 Rxe1 22. Rxe1 Re8 23. Rd1 Ne4 24. Bxe4 dxe4 25. g3 h6 26. Re1 Qg5+ 27. Kb1 Qg6 28. Kc1 Rd8 29. Nb3 Qb6 30. Nd2 f5 31. f3 Qf2 0-1

[Event "Sparkassen-Open A"]
[Site "Heusenstamm, Martinsee"]
[Date "2023.11.24"]
[Round "3.50"]
[White "Vihan, Shourya"]
[Black "von Beckh, Frieda"]
[Result "1-0"]
[WhiteElo "2044"]
[BlackElo "1614"]
[PlyCount "45"]
[EventDate "2023.??.??"]
[WhiteTeam "SV 1920 Hofheim"]
[BlackTeam "SK Bad Homburg 1927"]

1. d4 d5 2. c4 e6 3. Nc3 c5 4. cxd5 exd5 5. Nf3 Nc6 6. dxc5 d4 7. Na4 Bxc5 8. Nxc5 Qa5+ 9. Bd2 Qxc5 10. e3 Nf6 11. exd4 Nxd4 12. Nxd4 Qxd4 13. Bc3 Qf4 14. Bb5+ Bd7 15. Bxd7+ Nxd7 16. Qe2+ Kf8 17. O-O Re8 18. Qb5 Qc7 19. Rfe1 Rxe1+ 20. Rxe1 Nf6 21. Bb4+ Kg8 22. Re8+ Nxe8 23. Qxe8# 1-0

[Event "Sparkassen-Open A"]
[Site "Heusenstamm, Martinsee"]
[Date "2023.11.24"]
[Time "15:30:00"]
[Round "3.51"]
[PlyCount "55"]
[White "Li, Yunqi"]
[Black "Schmidbauer, Frank"]
[Result "1-0"]
[WhiteElo "1576"]
[BlackElo "2042"]
[WhiteTeam "SF 59 Kornwestheim"]
[BlackTeam "SV Wollishofen Zürich"]

1. d4 d6 2. c4 f5 3. Nc3 Nf6 4. Nf3 g6 5. g3 Bg7 6. Bg2 O-O 7. O-O c6 8. Qc2 Na6
9. a3 Qe8 10. e3 e5 11. b4 e4 12. Nd2 Bd7 13. Rb1 Nc7 14. a4 b5 15. a5 Rc8 16. Bb2 g5 17. Qd1 Qf7
18. cxb5 cxb5 19. f3 Ncd5 20. Nxd5 Nxd5 21. Qb3 Be6 22. fxe4 Nc3 23. d5
Nxb1 24. dxe6 Nxd2 25. exf7+ Rxf7 26. Qe6 Bxb2 27. Qxc8+ Kg7 28. Rxf5
1-0

[Event "Sparkassen-Open A"]
[Site "Heusenstamm, Martinsee"]
[Date "2023.11.24"]
[Round "3.52"]
[White "Nickel, Jonas"]
[Black "Baumgartl, Günther"]
[Result "1/2-1/2"]
[WhiteElo "1810"]
[BlackElo "2040"]
[PlyCount "31"]
[EventDate "2023.??.??"]
[WhiteTeam "Schachdrachen Büdingen-Wächtersb"]
[BlackTeam "SC 1952 Obertshausen"]

1. e4 d5 2. exd5 Qxd5 3. Nc3 Qa5 4. d4 c6 5. Bc4 Nf6 6. Nf3 Bg4 7. h3 Qh5 8. Be2 e6 9. Ne5 Bxe2 10. Qxe2 Qxe2+ 11. Kxe2 Nbd7 12. Nxd7 Nxd7 13. Ne4 Be7 14. Bf4 O-O-O 15. Rhd1 Rhe8 16. Rac1 1/2-1/2

[Event "Sparkassen-Open A"]
[Site "Heusenstamm, Martinsee"]
[Date "2023.11.24"]
[Round "3.53"]
[White "Pfarr, Michael"]
[Black "Rödel, Jannis"]
[Result "1-0"]
[WhiteElo "2039"]
[BlackElo "1773"]
[PlyCount "75"]
[EventDate "2023.??.??"]
[WhiteTeam "SK 1928 Mömbris"]
[BlackTeam "SVG CAISSA Kassel"]

1. e4 e5 2. Nf3 Nc6 3. Bc4 Bc5 4. c3 Nf6 5. d3 d6 6. a4 a6 7. Bg5 h6 8. Bh4 g5 9. Bg3 Bg4 10. Nbd2 Qd7 11. b4 Ba7 12. Qb3 O-O-O 13. a5 d5 14. exd5 Bxf3 15. Nxf3 Nxd5 16. b5 axb5 17. Bxb5 Nf4 18. Bxf4 exf4 19. O-O Qd6 20. d4 g4 21. Bxc6 Qxc6 22. Ne5 Qd5 23. Qxd5 Rxd5 24. Nxg4 Rg5 25. Ne5 Rhg8 26. g3 c5 27. a6 bxa6 28. Rxa6 Kb7 29. Rf6 cxd4 30. Rxf7+ Kc8 31. Rxa7 fxg3 32. fxg3 Kb8 33. Nc6+ Kc8 34. Rb1 Rxg3+ 35. hxg3 Rxg3+ 36. Kh2 Rh3+ 37. Kxh3 dxc3 38. Rb8# 1-0

[Event "Sparkassen-Open A"]
[Site "Heusenstamm, Martinsee"]
[Date "2023.11.24"]
[Round "3.55"]
[White "Peter, Laurenz"]
[Black "Wenzel, Calvin"]
[Result "0-1"]
[WhiteElo "1810"]
[BlackElo "1993"]
[PlyCount "62"]
[EventDate "2023.??.??"]
[WhiteTeam "Sportgemeinschaft Kaarst 1912/35"]
[BlackTeam "SK 1980 Gernsheim"]

1. d4 Nf6 2. c4 c5 3. d5 e6 4. Nc3 exd5 5. cxd5 d6 6. e4 g6 7. f4 Bg7 8. Nf3 O-O 9. Be2 Bg4 10. O-O Re8 11. Nd2 Bxe2 12. Qxe2 Nbd7 13. Rb1 a6 14. a4 Rc8 15. Nc4 Nb6 16. Nxb6 Qxb6 17. Re1 c4+ 18. Qf2 Qb3 19. e5 dxe5 20. fxe5 Ng4 21. Qf4 Qb6+ 22. Kf1 Nxe5 23. Be3 Qd8 24. Red1 Nd3 25. Qf3 Qh4 26. Rd2 Qxh2 27. g4 Rxe3 28. Qxe3 Qh1+ 29. Ke2 Qg2+ 30. Kd1 Qf1+ 31. Kc2 Nb4# 0-1

[Event "Sparkassen-Open A"]
[Site "Heusenstamm, Martinsee"]
[Date "2023.11.24"]
[Round "3.56"]
[White "Auge, Hendrik"]
[Black "Mährlein, Christoph"]
[Result "0-1"]
[WhiteElo "1820"]
[BlackElo "1986"]
[PlyCount "192"]
[EventDate "2023.??.??"]
[WhiteTeam "FC Bayern München e.V."]
[BlackTeam "SC Pforzheim 1906"]

1. e4 d5 2. exd5 Qxd5 3. Nc3 Qd6 4. Nf3 Nf6 5. Bc4 a6 6. h3 e6 7. d4 b5 8. Bd3 Bb7 9. Be3 Be7 10. O-O Nbd7 11. a4 b4 12. Nb1 O-O 13. Nbd2 c5 14. Nc4 Qc7 15. a5 Rfd8 16. Qe2 cxd4 17. Bxd4 Nd5 18. Qe4 N7f6 19. Qe5 Qxe5 20. Bxe5 Nd7 21. Bg3 Nc5 22. Be2 f6 23. Nfd2 e5 24. Bf3 Rac8 25. Be2 g6 26. Rfd1 Ne6 27. Nb3 Ndf4 28. Bf1 Be4 29. Rxd8+ Rxd8 30. Ne3 Bb7 31. Bc4 Kg7 32. Kf1 Rc8 33. Bxe6 Nxe6 34. f3 Nd4 35. Rd1 Nxb3 36. Rd7 Kf8 37. Rxb7 Nxa5 38. Ra7 Rc5 39. Rxa6 Nc6 40. Be1 f5 41. c3 b3 42. Rb6 Bg5 43. Bf2 Na5 44. Rb8+ Kf7 45. Nxf5 Rd5 46. Ne3 Rd2 47. Rb5 Bxe3 48. Bxe3 Rxb2 49. Rxa5 Ra2 50. Rb5 b2 51. Bc5 Ra1+ 52. Kf2 b1=Q 53. Rxb1 Rxb1 54. Bb4 Rb2+ 55. Kg3 Ke6 56. h4 h5 57. Kh3 Kf5 58. Be7 Rc2 59. Bb4 Kf4 60. c4 Rxc4 61. Bd2+ Kf5 62. Bg5 Rc3 63. Kh2 Rb3 64. Kg1 e4 65. fxe4+ Kxe4 66. Kf2 Rb2+ 67. Kg3 Kf5 68. Kh3 Rb3+ 69. Kh2 Rb4 70. Kh3 Rg4 71. Be3 Ke4 72. Bh6 Kd3 73. Bg7 Ke2 74. Be5 Kf1 75. Bg3 Kg1 76. Bh2+ Kh1 77. Bg3 Re4 78. Bd6 Re2 79. g4 Kg1 80. gxh5 gxh5 81. Bg3 Kf1 82. Bf4 Rg2 83. Bd6 Rg6 84. Be5 Kf2 85. Bc7 Kf3 86. Bh2 Rc6 87. Be5 Rc1 88. Bd6 Rc3 89. Be5 Rb3 90. Bg3 Ke4 91. Kg2 Kf5 92. Kh3 Rd3 93. Kg2 Kg4 94. Bf2 Rd2 95. Kf1 Kf3 96. Be1 Rd1 0-1

[Event "Sparkassen-Open A"]
[Site "Heusenstamm, Martinsee"]
[Date "2023.11.24"]
[Round "3.57"]
[White "Schröder, Jürgen"]
[Black "Woods, Yannick"]
[Result "1/2-1/2"]
[WhiteElo "2009"]
[BlackElo "1801"]
[PlyCount "173"]
[EventDate "2023.??.??"]
[WhiteTeam "SC Matt im Park Ffm"]
[BlackTeam "Sligo Chess Club"]

1. e4 c5 2. Be2 Nc6 3. d3 g6 4. f4 Bg7 5. Nf3 d6 6. O-O Nf6 7. c3 O-O 8. Kh1 Rb8 9. a4 e6 10. Be3 Ng4 11. Bg1 f5 12. exf5 gxf5 13. d4 cxd4 14. Nxd4 Qe7 15. Na3 d5 16. Nac2 Nf6 17. Bd3 Bd7 18. Qe1 Rfe8 19. c4 Ne4 20. Rd1 Rbc8 21. b3 a6 22. Nxc6 Bxc6 23. Bd4 Rcd8 24. Rf3 dxc4 25. Bxc4 Kh8 26. Rfd3 Rg8 27. Ne3 Bxd4 28. Rxd4 Rxd4 29. Rxd4 Qg7 30. Rd1 Qb2 31. Kg1 Qf6 32. Bd3 Qh6 33. Bxe4 Bxe4 34. Qc3+ Qg7 35. Qxg7+ Kxg7 36. Rd7+ Kh8 37. g3 Rg7 38. Rxg7 Kxg7 39. Nc4 Bd5 40. Nd2 Kf6 41. Kf2 e5 42. b4 Ke6 43. Ke3 Bc6 44. Nb3 b6 45. a5 bxa5 46. bxa5 Kd5 47. fxe5 Kxe5 48. h4 Kd5 49. Nd4 Bd7 50. Kd3 Kc5 51. Kc3 Kd5 52. Nf3 f4 53. gxf4 Ke4 54. Ng5+ Kxf4 55. Nxh7 Bc8 56. Nf6 Kf5 57. Nd5 Kg4 58. Kd4 Kxh4 59. Kc5 Kg5 60. Kb6 Be6 61. Nc7 Bc4 62. Nxa6 Kf5 63. Nc7 Ke5 64. Nb5 Ke6 65. a6 Kd7 66. a7 Bd5 67. Nc3 Bf3 68. Na4 Kc8 69. Nc5 Bd5 70. Nd3 Bh1 71. Ne5 Ba8 72. Nf7 Kd7 73. Nh8 Kc8 74. Ng6 Be4 75. Ne7+ Kd7 76. Nf5 Ba8 77. Nd4 Bg2 78. Nb3 Kc8 79. Nc5 Bf3 80. Na6 Bg2 81. Nb8 Ba8 82. Nc6 Kd7 83. Nd4 Kc8 84. Nb5 Kd7 85. Nc7 Bg2 86. a8=Q Bxa8 87. Nxa8 1/2-1/2

[Event "Sparkassen-Open A"]
[Site "Heusenstamm, Martinsee"]
[Date "2023.11.24"]
[Round "3.58"]
[White "Mayer, Frank"]
[Black "Mandalka, Justus"]
[Result "1-0"]
[WhiteElo "2006"]
[BlackElo "1751"]
[PlyCount "67"]
[EventDate "2023.??.??"]
[WhiteTeam "Wiesbadener SV 1885"]
[BlackTeam "SK Bad Homburg 1927"]

1. e4 c5 2. d4 cxd4 3. c3 d3 4. c4 Nc6 5. Bxd3 g6 6. Nc3 Bg7 7. Nf3 Nf6 8. O-O O-O 9. h3 d6 10. Bg5 Be6 11. Rc1 Nd7 12. b3 Qa5 13. Bd2 Nc5 14. Bb1 Qd8 15. Be3 Rc8 16. Nd4 Qa5 17. f4 Bd7 18. Nd5 Rfe8 19. f5 e6 20. fxg6 hxg6 21. Nf6+ Bxf6 22. Rxf6 Nxe4 23. Bxe4 Qe5 24. Qf3 Nxd4 25. Bxd4 Qxd4+ 26. Kh1 Re7 27. Rf1 Be8 28. Rxg6+ fxg6 29. Qf8+ Kh7 30. Qxe7+ Qg7 31. Qxe6 Rd8 32. Qg4 Rd7 33. Bd5 Qh6 34. Qe4 1-0

[Event "Sparkassen-Open A"]
[Site "Heusenstamm, Martinsee"]
[Date "2023.11.24"]
[Round "3.59"]
[White "Blomer, Moritz"]
[Black "Wuerl, Roland"]
[Result "1/2-1/2"]
[WhiteElo "1758"]
[BlackElo "1974"]
[PlyCount "35"]
[EventDate "2023.??.??"]
[WhiteTeam "SG Porz e. V."]
[BlackTeam "SC FK Babenhausen 1994"]

1. Nf3 Nf6 2. g3 g6 3. Bg2 Bg7 4. d4 d5 5. O-O O-O 6. c4 dxc4 7. Na3 c3 8. bxc3 c5 9. Rb1 Nc6 10. Ne5 Nd5 11. Nxc6 bxc6 12. Qc2 cxd4 13. cxd4 Be6 14. e4 Nb6 15. Rd1 Qc8 16. Be3 Qa6 17. Rd3 Rac8 18. Bf1 1/2-1/2

[Event "Sparkassen-Open A"]
[Site "Heusenstamm, Martinsee"]
[Date "2023.11.24"]
[Round "3.60"]
[White "Steinle, Carsten"]
[Black "Raumanns, Niklas"]
[Result "1-0"]
[WhiteElo "1969"]
[BlackElo "1729"]
[PlyCount "73"]
[EventDate "2023.??.??"]
[WhiteTeam "SV Ahlen 1954 e. V."]
[BlackTeam "SC Bergen-Enkheim 1922"]

1. Nf3 Nf6 2. b3 g6 3. Bb2 Bg7 4. c4 c6 5. e3 d5 6. Be2 O-O 7. O-O Bg4 8. d3 Nbd7 9. Nbd2 Re8 10. h3 Bxf3 11. Bxf3 e5 12. Qc2 Rc8 13. Rac1 b5 14. Rfd1 bxc4 15. dxc4 Qa5 16. cxd5 cxd5 17. Qxc8 Rxc8 18. Rxc8+ Bf8 19. a3 Kg7 20. b4 Qa6 21. Rdc1 Qd3 22. R8c2 h5 23. Nb1 Qf5 24. Rd2 e4 25. Be2 Bd6 26. Rc6 Be5 27. Nc3 d4 28. exd4 Bh2+ 29. Kf1 e3 30. Bd3 Qf4 31. Re2 Qxd4 32. Bc2 Ne5 33. Nd1 Qd5 34. Rc5 Qd6 35. Nxe3 Bf4 36. Bxe5 Bxe5 37. Rxe5 1-0

[Event "Sparkassen-Open A"]
[Site "Heusenstamm, Martinsee"]
[Date "2023.11.24"]
[Round "3.61"]
[White "Sreeramulu, Aarush"]
[Black "Bräutigam, Thomas"]
[Result "1-0"]
[WhiteElo "1716"]
[BlackElo "1992"]
[PlyCount "59"]
[EventDate "2023.??.??"]
[WhiteTeam "SK Marburg 1931/72"]
[BlackTeam "SV Würzburg von 1865 e.V."]

1. d4 Nf6 2. c4 e6 3. Nc3 Bb4 4. Qc2 O-O 5. a3 Bxc3+ 6. Qxc3 d5 7. Bg5 h6 8. Bh4 g5 9. Bg3 Ne4 10. Qc2 c6 11. e3 f5 12. f3 Nxg3 13. hxg3 Kg7 14. Bd3 Qf6 15. O-O-O Nd7 16. Ne2 Nb6 17. c5 Nd7 18. e4 Rb8 19. g4 dxe4 20. fxe4 fxe4 21. Bxe4 b6 22. Kb1 bxc5 23. Ng3 Qe7 24. Rxh6 Nf6 25. Rdh1 Qd6 26. Bxc6 Rf7 27. Nh5+ Nxh5 28. Qg6+ Kf8 29. Rh8+ Ke7 30. Re8# 1-0

[Event "Sparkassen-Open A"]
[Site "Heusenstamm, Martinsee"]
[Date "2023.11.24"]
[Round "3.62"]
[White "Moldenhauer, Lennart"]
[Black "Benninger, Rudolf"]
[Result "0-1"]
[WhiteElo "1569"]
[BlackElo "1987"]
[PlyCount "114"]
[EventDate "2023.??.??"]
[WhiteTeam "SV Oberursel"]
[BlackTeam "SC Heusenstamm"]

1. e4 g6 2. d4 Bg7 3. Nc3 c5 4. Nf3 Qa5 5. Be3 Nf6 6. Qd2 Nc6 7. d5 Nb4 8. a3 Nxe4 9. Nxe4 Nxc2+ 10. Kd1 Qxd2+ 11. Nfxd2 Nxa1 12. Kc1 d6 13. Kb1 Bd7 14. Kxa1 b5 15. Bd3 O-O 16. Re1 f5 17. Nxc5 dxc5 18. Bxc5 Rae8 19. Bxa7 b4 20. Bc5 bxa3 21. Bxa3 Ra8 22. Kb1 Rfb8 23. Kc1 Bb5 24. Bc2 Rc8 25. Kb1 Rcb8 26. Bb3 Bd3+ 27. Ka2 Kf8 28. Re3 Bb5 29. f4 Bd4 30. Re6 Rb6 31. Re1 Bd3 32. Nf3 Bf6 33. Ne5 Bxe5 34. Rxe5 Ra7 35. Re1 Rab7 36. Ba4 Bc4+ 37. Ka1 Bxd5 38. g3 Bb3 39. Bxb3 Rxb3 40. Ka2 Rd3 41. Re2 Rbd7 42. Bb4 Ra7+ 43. Kb1 Kf7 44. Kc2 Rd4 45. Bc3 Re4 46. Rd2 Ke6 47. Bd4 Rd7 48. Kc3 Rd5 49. b4 Kd7 50. Kc4 Kc6 51. Rd3 e6 52. Rd2 g5 53. b5+ Rxb5 54. Rc2 Rd5 55. Kb3+ Kb5 56. Bf2 gxf4 57. gxf4 Rxf4 0-1

[Event "Sparkassen-Open A"]
[Site "Heusenstamm, Martinsee"]
[Date "2023.11.24"]
[Round "3.63"]
[White "Rüll, Michael"]
[Black "Küpper, Martin"]
[Result "0-1"]
[WhiteElo "1753"]
[BlackElo "1941"]
[PlyCount "50"]
[EventDate "2023.??.??"]
[WhiteTeam "SC 1952 Obertshausen"]
[BlackTeam "SC Fulda"]

1. d4 g6 2. Nc3 Bg7 3. Bf4 d6 4. Nf3 Nd7 5. e4 a6 6. e5 Nb6 7. a4 dxe5 8. dxe5 Bg4 9. a5 Qxd1+ 10. Rxd1 Bxf3 11. gxf3 Nd7 12. e6 fxe6 13. Bh3 Ne5 14. Bxe6 Nxf3+ 15. Kf1 Nd4 16. Bc4 e5 17. Re1 Nf3 18. Re4 O-O-O 19. Kg2 Nd2 20. Bxd2 Rxd2 21. Bd3 Nf6 22. Rxe5 Rxf2+ 23. Kxf2 Ng4+ 24. Kg3 Nxe5 25. Be2 Nc6 0-1

[Event "Sparkassen-Open A"]
[Site "Heusenstamm, Martinsee"]
[Date "2023.11.24"]
[Round "3.64"]
[White "Pauls, Wilhelm"]
[Black "Kirchmann, Sascha"]
[Result "1/2-1/2"]
[WhiteElo "1967"]
[BlackElo "1710"]
[PlyCount "31"]
[EventDate "2023.??.??"]
[WhiteTeam "Sportgemeinschaft Kaarst 1912/35"]
[BlackTeam "SAbt SU Mühlheim"]

1. e4 d5 2. exd5 Qxd5 3. Nc3 Qa5 4. d4 Nf6 5. Nf3 c6 6. Ne5 Nbd7 7. Nc4 Qd8 8. Qe2 Nb6 9. Ne5 g6 10. Be3 Bg7 11. O-O-O Nbd5 12. Nxd5 Qxd5 13. Qc4 Be6 14. Qb3 Qxb3 15. axb3 O-O 16. c4 1/2-1/2

[Event "Sparkassen-Open A"]
[Site "Heusenstamm, Martinsee"]
[Date "2023.11.24"]
[Round "3.65"]
[White "Rabiya, Karim"]
[Black "von Auer, Ulrich"]
[Result "0-1"]
[WhiteElo "1737"]
[BlackElo "1937"]
[PlyCount "64"]
[EventDate "2023.??.??"]
[WhiteTeam "SK Niederbrechen 1948"]
[BlackTeam "SV Oberursel"]

1. e4 e6 2. d4 d5 3. e5 c5 4. c3 Nc6 5. Nf3 Bd7 6. Be2 Nge7 7. Na3 cxd4 8. cxd4 Nf5 9. Nc2 Qb6 10. h4 Nb4 11. Ne3 Nxe3 12. fxe3 Bb5 13. O-O h6 14. Nd2 Be7 15. a3 Nc6 16. Bxb5 Qxb5 17. b4 Qd3 18. Nf3 Qe4 19. b5 Na5 20. Qe1 Nc4 21. Qg3 O-O 22. Qf4 f6 23. Ra2 fxe5 24. Qxe4 dxe4 25. Nxe5 Nxe5 26. dxe5 Bxh4 27. Rf4 Bg3 28. Rxe4 Rac8 29. Bd2 Rf5 30. Rg4 Bf2+ 31. Kf1 Bxe3+ 32. Ke2 Bxd2 0-1

[Event "Sparkassen-Open A"]
[Site "Heusenstamm, Martinsee"]
[Date "2023.11.24"]
[Round "3.66"]
[White "Zerhusen, Martin"]
[Black "Martin, Reiner"]
[Result "0-1"]
[WhiteElo "1673"]
[BlackElo "1966"]
[PlyCount "46"]
[EventDate "2023.??.??"]
[WhiteTeam "SV Oberursel"]
[BlackTeam "SC Bad Soden"]

1. d4 Nf6 2. c4 c5 3. Nf3 cxd4 4. Nxd4 e5 5. Nf3 Nc6 6. e3 Bc5 7. Nc3 O-O 8. Be2 a5 9. O-O e4 10. Nd4 Qe7 11. Ndb5 d6 12. a3 Bf5 13. b3 Rad8 14. Bb2 Ne5 15. Qd2 Nfg4 16. Nd5 Qh4 17. Bxg4 Bxg4 18. Bxe5 dxe5 19. Qxa5 Rc8 20. Qe1 Bf3 21. gxf3 Rc6 22. Qc3 Rg6+ 23. Kh1 Qh5 0-1

[Event "Sparkassen-Open A"]
[Site "Heusenstamm, Martinsee"]
[Date "2023.11.24"]
[Round "3.67"]
[White "Fischermann, Simon"]
[Black "Heppert, Lars"]
[Result "1/2-1/2"]
[WhiteElo "1634"]
[BlackElo "1943"]
[PlyCount "52"]
[EventDate "2023.??.??"]
[WhiteTeam "SG Porz e. V."]
[BlackTeam "SK Neuburg"]

1. e4 c5 2. Nf3 g6 3. d3 Bg7 4. Nc3 e6 5. Be2 Ne7 6. Bf4 d5 7. Qd2 h6 8. Nb5 Na6 9. Nd6+ Kf8 10. Ne5 Bxe5 11. Bxe5 Rh7 12. Nxc8 Rxc8 13. f3 Nc6 14. Bg3 d4 15. O-O f5 16. a3 g5 17. f4 g4 18. Qe1 Qe8 19. Bh4 Ne7 20. Qg3 Ng6 21. Rae1 Nxh4 22. Qxh4 Qe7 23. Qh5 Qf7 24. Qh4 Qe7 25. Qh5 Qf7 26. Qh4 Qe7 1/2-1/2

[Event "Sparkassen-Open A"]
[Site "Heusenstamm, Martinsee"]
[Date "2023.11.24"]
[Round "3.68"]
[White "von Wahden, Jens"]
[Black "Stephanblome, Felix"]
[Result "1/2-1/2"]
[WhiteElo "1904"]
[BlackElo "1683"]
[PlyCount "40"]
[EventDate "2023.??.??"]
[WhiteTeam "SV Oberursel"]
[BlackTeam "SV 1934 Ffm-Griesheim"]

1. d4 d5 2. c4 e6 3. Nc3 Nf6 4. Bg5 Be7 5. Nf3 O-O 6. e3 h6 7. Bh4 b6 8. Bd3 Bb7 9. O-O Nbd7 10. Qe2 c5 11. Rfd1 Rc8 12. cxd5 Nxd5 13. Bg3 cxd4 14. Nxd5 Bxd5 15. exd4 Nb8 16. Ne5 Nc6 17. Ba6 Rc7 18. Nxc6 Rxc6 19. Bb5 Rc8 20. Ba6 Rc6 1/2-1/2

[Event "Sparkassen-Open A"]
[Site "Heusenstamm, Martinsee"]
[Date "2023.11.24"]
[Round "3.69"]
[White "Baladjaev, Emin"]
[Black "Spelleken, Mark"]
[Result "0-1"]
[WhiteElo "1927"]
[BlackElo "1544"]
[PlyCount "96"]
[EventDate "2023.??.??"]
[WhiteTeam "SAbt TuS Dotzheim"]
[BlackTeam "SC Somborn 1933"]

1. e4 c5 2. Nf3 d6 3. d3 g6 4. Be2 Bg7 5. c3 Nc6 6. Bf4 Nf6 7. h3 a6 8. a4 Be6 9. Qc2 Nd7 10. Ng5 Qa5 11. Nxe6 fxe6 12. Bg4 Nf6 13. Bd1 Kf7 14. O-O Rac8 15. Nd2 Rhd8 16. Nc4 Qc7 17. a5 e5 18. Bh2 Nd7 19. f4 exf4 20. Bxf4 Ke8 21. Bg4 Rb8 22. Ne3 Nce5 23. Bxe5 dxe5 24. Be6 Nf6 25. Qa4+ Qc6 26. Qc4 Rd6 27. Bf7+ Kd8 28. Bd5 Qc7 29. Be6 Qc6 30. Bg4 Bh6 31. Nd5 Nxd5 32. exd5 Qxd5 33. Qa4 Kc7 34. Rad1 Rf6 35. Bf3 Qd6 36. Qh4 g5 37. Qe4 Rf7 38. Ra1 Rf4 39. Qxh7 Rbf8 40. Be4 g4 41. hxg4 Rxf1+ 42. Rxf1 Be3+ 43. Kh2 Rxf1 44. Bg6 e4+ 45. g3 Rg1 46. Qh4 Bg5 47. Qh3 Rxg3 48. Qxg3 Bf4 0-1

[Event "Sparkassen-Open A"]
[Site "Heusenstamm, Martinsee"]
[Date "2023.11.24"]
[Round "3.70"]
[White "Neininger, Sarah"]
[Black "Ahrends, Norbert"]
[Result "0-1"]
[WhiteElo "1604"]
[BlackElo "1924"]
[PlyCount "80"]
[EventDate "2023.??.??"]
[WhiteTeam "VSG 1880 Offenbach"]
[BlackTeam "SK 1980 Gernsheim"]

1. e4 c6 2. d4 d5 3. Nc3 dxe4 4. Nxe4 Bf5 5. Ng3 Bg6 6. Nh3 e6 7. Nf4 Ne7 8. h4 h6 9. Bc4 Nd7 10. O-O Nb6 11. Bb3 Nbd5 12. Nxg6 Nxg6 13. h5 Nge7 14. Re1 Qc7 15. Ne4 Ng8 16. c4 Ndf6 17. d5 Nxe4 18. Rxe4 Nf6 19. Re1 O-O-O 20. Be3 exd5 21. cxd5 Bb4 22. Re2 Nxd5 23. Bxd5 Rxd5 24. Qxd5 cxd5 25. Rc1 Qxc1+ 26. Bxc1 Kd7 27. Be3 Re8 28. Rc2 b6 29. a3 Bd6 30. Kf1 Re5 31. Bd4 Rg5 32. Rd2 f6 33. Rd3 Rxh5 34. Ke2 Rh1 35. b4 Rc1 36. Kf3 Ke6 37. Kg4 Be5 38. Be3 Rc3 39. Rxc3 Bxc3 40. Kh5 d4 0-1